All about love #6 [Large Print] / Stephanie ... Read More
Available copies
- 1 of 1 copy available at LARL/NWRL Consortium. (Show)
- 1 of 1 copy available at Northwest Regional Library.
Current holds
0 current holds with 1 total copy.
Show Only Available Copies
| Location | Call Number / Copy Notes | Barcode | Shelving Location | Status | Due Date |
|---|---|---|---|---|---|
| Thief River Falls Public Library | lp LAU (Text) | 35500004329247 | Main | Available | - |
Record details
- ISBN: 078389497X (lg. print : hc : alk. paper)
- Physical Description: 573 p. (large print) ; 24 cm.
- Publisher: Thorndike, Me. : G.K. Hall, 2001.
Search for related items by subject
| Subject: | England > Fiction. |
| Genre: | Large type books. Regency fiction. Love stories. |
Search for related items by series
| LDR | 01050cam a2200301Ia 4500 | ||
|---|---|---|---|
| 001 | 35957 | ||
| 003 | LARL_NWRL_CONSORTIUM | ||
| 005 | 20010821133850.0 | ||
| 008 | 010412r20012001meu d 000 0 eng | ||
| 020 | . | ‡a078389497X (lg. print : hc : alk. paper) | |
| 035 | . | ‡a(OCoLC)46777458 | |
| 082 | 0 | 0. | ‡a813/.54 ‡221 |
| 099 | . | ‡aLau | |
| 100 | 1 | . | ‡aLaurens, Stephanie. ‡0(LARL_NWRL_CONSORTIUM)139417 |
| 245 | 1 | 0. | ‡aAll about love ‡n#6 ‡h[Large Print] / ‡cStephanie Laurens. |
| 260 | . | ‡aThorndike, Me. : ‡bG.K. Hall, ‡c2001. | |
| 300 | . | ‡a573 p. (large print) ; ‡c24 cm. | |
| 490 | 0 | . | ‡aCynster ; ‡v6 |
| 651 | 0. | ‡aEngland ‡vFiction. | |
| 655 | 0. | ‡aLarge type books. | |
| 655 | 7. | ‡aRegency fiction. ‡2gsafd | |
| 655 | 7. | ‡aLove stories. ‡2gsafd | |
| 901 | . | ‡a35957 ‡bOCLC ‡c35957 ‡tbiblio | |

Add to basket
Permalink
Enable Highlighting